Traffic census results, Gujarat (Record no. 487397)
[ view plain ]
| 000 -LEADER | |
|---|---|
| fixed length control field | 00443cam a22001217a 4500 |
| 008 - FIXED-LENGTH DATA ELEMENTS--GENERAL INFORMATION | |
| fixed length control field | 180718b-- xxu||||| |||| 00| 0 eng d |
| 082 ## - DEWEY DECIMAL CLASSIFICATION NUMBER | |
| Classification number | W4068x5441 |
| 245 ## - TITLE STATEMENT | |
| Title | Traffic census results, Gujarat |
| Statement of responsibility, etc. | by Directorate of Economics and Statistics, Gujarat |
| 260 ## - PUBLICATION, DISTRIBUTION, ETC. | |
| Place of publication, distribution, etc. | Gandhinagar |
| Name of publisher, distributor, etc. | The author |
| Date of publication, distribution, etc. | -- |
| 500 ## - GENERAL NOTE | |
| General note | Library has 1994-1995, 1997-1999 |
| 650 ## - SUBJECT ADDED ENTRY--TOPICAL TERM | |
| Topical term or geographic name entry element | Traffic surveys - India - Gujarat |
| 700 ## - ADDED ENTRY--PERSONAL NAME | |
| Personal name | Gujarat. Directorate of Economics and Statistics |
| Withdrawn status | Lost status | Damaged status | Not for loan | Permanent Location | Current Location | Date acquired | Full call number | Barcode | Date last seen | Price effective from | Koha item type |
|---|---|---|---|---|---|---|---|---|---|---|---|
| Indian Institute of Public Administration | Indian Institute of Public Administration | 2018-08-04 | W4068x5441 | GG28597 | 2018-08-04 | 2018-08-04 | GG | ||||
| Indian Institute of Public Administration | Indian Institute of Public Administration | 2018-08-04 | W4068x5441 | GG24359 | 2018-08-04 | 2018-08-04 | GG | ||||
| Indian Institute of Public Administration | Indian Institute of Public Administration | 2018-08-04 | W4068x5441 | GG24358 | 2018-08-04 | 2018-08-04 | GG | ||||
| Indian Institute of Public Administration | Indian Institute of Public Administration | 2018-08-04 | W4068x5441 | GG24260 | 2018-08-04 | 2018-08-04 | GG | ||||
| Indian Institute of Public Administration | Indian Institute of Public Administration | 2018-08-04 | W4068x5441 | GG23371 | 2018-08-04 | 2018-08-04 | GG |
